[Event "Titled Tuesday intern op 25th Jun Early"]
[Site "Chess.com INT"]
[Date "2024.06.25"]
[Round "9"]
[White "Aansh, Nandan Nerurkar"]
[Black "Chiu, Isaac"]
[Result "0-1"]
[WhiteElo "2236"]
[BlackElo "2226"]
[PlyCount "70"]
[EventDate "2024.06.25"]
[EventType "swiss (blitz)"]
[EventRounds "11"]
[EventCountry "USA"]
[SourceTitle "EXT 2025"]
[Source "ChessBase"]
[SourceDate "2024.10.14"]
[SourceVersion "1"]
[SourceVersionDate "2024.10.14"]
[SourceQuality "1"]

1. e4 c5 2. Nf3 Nc6 3. Bb5 d5 4. exd5 Qxd5 5. Nc3 Qe6+ 6. Qe2 Qxe2+ 7. Nxe2 Bd7 8. a3 e6 9. d3 Nge7 10. Bc4 g6 11. 0-0 Bg7 12. Rb1 a6 13. Be3 b6 14. d4 cxd4 15. Nexd4 b5 16. Ba2 0-0 17. Rfd1 Rfc8 18. Nb3 Be8 19. Nc5 Na5 20. b4 Nac6 21. c4 Nf5 22. Bf4 Ncd4 23. Nxd4 Nxd4 24. Rd2 a5 25. Rbd1 axb4 26. axb4 e5 27. Be3 Nf5 28. cxb5 Nxe3 29. fxe3 Bxb5 30. Rf2 Rc7 31. Bd5 Ra3 32. Ne6 Rd7 33. Nc5 Rda7 34. Bb3 Bf8 35. Bd5 Kg7 0-1

[Event "Titled Tuesday intern op 25th Jun Early"]
[Site "Chess.com INT"]
[Date "2024.06.25"]
[Round "3"]
[White "Chiu, Isaac"]
[Black "Harsha, Bharathakoti"]
[Result "0-1"]
[WhiteElo "2226"]
[BlackElo "2569"]
[PlyCount "58"]
[EventDate "2024.06.25"]
[EventType "swiss (blitz)"]
[EventRounds "11"]
[EventCountry "USA"]
[SourceTitle "EXT 2025"]
[Source "ChessBase"]
[SourceDate "2024.10.14"]
[SourceVersion "1"]
[SourceVersionDate "2024.10.14"]
[SourceQuality "1"]

1. d4 e6 2. Nc3 d5 3. Bf4 Bd6 4. e3 Ne7 5. Nf3 c5 6. Bd3 Nbc6 7. Bxd6 Qxd6 8. dxc5 Qxc5 9. 0-0 0-0 10. e4 d4 11. Ne2 e5 12. a3 Ng6 13. h3 h6 14. Rc1 Rd8 15. c3 dxc3 16. Rxc3 Qb6 17. Qc1 Be6 18. Bc4 Nd4 19. Nexd4 exd4 20. Rc2 d3 21. Rc3 Bxc4 22. Rxc4 Rd7 23. Rd1 Rad8 24. Rc8 Rxc8 25. Qxc8+ Rd8 26. Qc3 Nf4 27. Kf1 Qg6 28. g3 Qxe4 29. gxf4 Qxf3 0-1

[Event "Titled Tuesday intern op 18th Jun Late"]
[Site "Chess.com INT"]
[Date "2024.06.18"]
[Round "9"]
[White "Chiu, Isaac"]
[Black "Skotheim, Andreas"]
[Result "1/2-1/2"]
[WhiteElo "2226"]
[BlackElo "2225"]
[PlyCount "134"]
[EventDate "2024.06.18"]
[EventType "swiss (blitz)"]
[EventRounds "11"]
[EventCountry "USA"]
[SourceTitle "EXT 2025"]
[Source "ChessBase"]
[SourceDate "2024.10.14"]
[SourceVersion "1"]
[SourceVersionDate "2024.10.14"]
[SourceQuality "1"]

1. d4 d5 2. Nc3 c5 3. e4 cxd4 4. Qxd4 dxe4 5. Qxd8+ Kxd8 6. Bf4 e5 7. 0-0-0+ Bd7 8. Bxe5 Nc6 9. Bg3 Nf6 10. Bh4 Be7 11. Bb5 Kc7 12. Bxf6 Bxf6 13. Nxe4 Be7 14. Nf3 a6 15. Bc4 Bg4 16. Bxf7 Rhf8 17. Bd5 Rxf3 18. gxf3 Bxf3 19. Nc3 Bxd1 20. Rxd1 Rd8 21. Bxc6 Bg5+ 22. Kb1 Rxd1+ 23. Nxd1 Kxc6 24. c3 Kd5 25. f3 Ke5 26. Nf2 Bh4 27. Nd3+ Kf5 28. Kc2 g5 29. Kd2 g4 30. Ke2 g3 31. hxg3 Bxg3 32. Nc5 h5 33. Nxb7 h4 34. Nc5 h3 35. Ne4 Kf4 36. Nf2 h2 37. Nh1 Bh4 38. b4 Bf6 39. c4 Bc3 40. b5 axb5 41. cxb5 Ba5 42. a4 Bb6 43. a5 Bxa5 44. Kf2 Bb6+ 45. Kg2 Ke5 46. Kxh2 Kd5 47. Kg3 Kc5 48. Kf4 Kxb5 49. Ke5 Kc6 50. Ke6 Bc7 51. Nf2 Bh2 52. Ng4 Bg3 53. Ne5+ Kc5 54. Ng6 Kd4 55. Kf5 Ke3 56. Kg4 Bh2 57. Nh4 Bb8 58. Nf5+ Kf2 59. Ne7 Bc7 60. Nd5 Bd6 61. Nc3 Bb8 62. Ne4+ Ke3 63. Nf6 Kd4 64. Nh5 Bh2 65. Nf4 Ke5 66. Ne2 Kf6 67. Ng3 Bxg3 1/2-1/2

[Event "Titled Tuesday intern op 18th Jun Late"]
[Site "Chess.com INT"]
[Date "2024.06.18"]
[Round "8"]
[White "Vovk, Orest"]
[Black "Chiu, Isaac"]
[Result "1/2-1/2"]
[WhiteElo "2315"]
[BlackElo "2226"]
[PlyCount "109"]
[EventDate "2024.06.18"]
[EventType "swiss (blitz)"]
[EventRounds "11"]
[EventCountry "USA"]
[SourceTitle "EXT 2025"]
[Source "ChessBase"]
[SourceDate "2024.10.14"]
[SourceVersion "1"]
[SourceVersionDate "2024.10.14"]
[SourceQuality "1"]

1. g4 e5 2. g5 Qxg5 3. d4 Qe7 4. dxe5 Qxe5 5. Nf3 Qa5+ 6. Nc3 c6 7. Rg1 d5 8. Qd4 Nf6 9. Bd2 Nbd7 10. 0-0-0 Qb6 11. Qh4 g6 12. e4 Bg7 13. e5 Ne4 14. Nxe4 dxe4 15. Qxe4 Nc5 16. Qb4 0-0 17. Qxb6 axb6 18. a3 Re8 19. Re1 Bf5 20. Nd4 Bd7 21. f4 b5 22. h4 Ne6 23. Nxe6 Bxe6 24. h5 Bf5 25. hxg6 hxg6 26. Bd3 Bxd3 27. cxd3 Rad8 28. Kc2 Rd5 29. f5 Rdxe5 30. Rxe5 Rxe5 31. fxg6 fxg6 32. Rxg6 Kf7 33. Rxg7+ Kxg7 34. Bc3 Kf6 35. Kb3 Ke6 36. Bxe5 Kxe5 37. Kc3 b6 38. Kc2 Kd5 39. Kd2 Kd4 40. Ke2 Kd5 41. Ke3 Ke5 42. d4+ Kd5 43. Kd3 c5 44. dxc5 bxc5 45. Kc3 Kd6 46. Kd2 Kd5 47. Kd3 Kd6 48. Ke4 Ke6 49. b3 Kd6 50. b4 cxb4 51. axb4 Ke6 52. Kd4 Kd6 53. Ke4 Ke6 54. Kd4 Kd6 55. Ke4 1/2-1/2

[Event "Titled Tuesday intern op 18th Jun Late"]
[Site "Chess.com INT"]
[Date "2024.06.18"]
[Round "10"]
[White "Yang, Kaiqi"]
[Black "Chiu, Isaac"]
[Result "1/2-1/2"]
[WhiteElo "2481"]
[BlackElo "2226"]
[PlyCount "103"]
[EventDate "2024.06.18"]
[EventType "swiss (blitz)"]
[EventRounds "11"]
[EventCountry "USA"]
[SourceTitle "EXT 2025"]
[Source "ChessBase"]
[SourceDate "2024.10.14"]
[SourceVersion "1"]
[SourceVersionDate "2024.10.14"]
[SourceQuality "1"]

1. e4 g6 2. d4 Bg7 3. c4 d6 4. Nc3 e5 5. d5 a5 6. h4 h5 7. Be2 Na6 8. Bg5 f6 9. Be3 Bh6 10. Qd2 Nc5 11. Nf3 Bg4 12. Nh2 Bd7 13. Nf1 Bxe3 14. Nxe3 Nh6 15. 0-0-0 Qe7 16. Kb1 f5 17. f3 Qf6 18. Rdf1 a4 19. g4 hxg4 20. fxg4 f4 21. g5 fxe3 22. Qxe3 Qg7 23. gxh6 Qxh6 24. Qxh6 Rxh6 25. h5 0-0-0 26. Rf6 Rg8 27. Rg1 Be8 28. Bg4+ Kd8 29. Be6 Rg7 30. hxg6 Rhxg6 31. Rgxg6 Rxg6 32. Rxg6 Bxg6 33. Bf5 Bxf5 34. exf5 Ke7 35. Kc2 c6 36. b4 axb3+ 37. axb3 Kf6 38. b4 Na6 39. Ne4+ Kxf5 40. Nxd6+ Kf4 41. b5 cxb5 42. Nxb7 bxc4 43. d6 Nb8 44. Nc5 e4 45. Kc3 Ke5 46. d7 Nxd7 47. Nxd7+ Kf4 48. Nc5 e3 49. Kxc4 e2 50. Nd3+ Ke3 51. Kc3 e1Q+ 52. Nxe1 1/2-1/2

[Event "Titled Tuesday intern op 07th May Late"]
[Site "Chess.com INT"]
[Date "2024.05.07"]
[Round "11"]
[White "Chiu, Isaac"]
[Black "Ankerst, Mihael"]
[Result "1/2-1/2"]
[WhiteElo "2226"]
[BlackElo "2361"]
[PlyCount "115"]
[EventDate "2024.05.07"]
[EventType "swiss (blitz)"]
[EventRounds "11"]
[EventCountry "USA"]
[SourceTitle "EXT 2025"]
[Source "ChessBase"]
[SourceDate "2024.10.14"]
[SourceVersion "1"]
[SourceVersionDate "2024.10.14"]
[SourceQuality "1"]

1. d4 Nf6 2. Nf3 g6 3. Bg5 Bg7 4. Nbd2 0-0 5. e4 d6 6. Bd3 c5 7. c3 cxd4 8. cxd4 Nc6 9. h3 Qb6 10. Nb3 a5 11. a4 Nb4 12. 0-0 Nxd3 13. Qxd3 Re8 14. Rfc1 Nxe4 15. Qxe4 Qxb3 16. Rc7 Bf5 17. Qxb7 Qxb7 18. Rxb7 f6 19. Bd2 Be4 20. Rb5 Bxf3 21. gxf3 Reb8 22. Bc3 Rxb5 23. axb5 a4 24. Ra3 Rb8 25. Rxa4 Rxb5 26. b4 Kf7 27. Ra5 Rb7 28. Kf1 Ke6 29. Ke2 d5 30. Kd3 Kd6 31. b5 Kd7 32. Bb4 Bh6 33. Bc5 Bf4 34. b6 Bd6 35. Ra8 Kc6 36. Rh8 Bxc5 37. dxc5 Kxc5 38. Rxh7 g5 39. f4 gxf4 40. h4 Kd6 41. h5 Rxb6 42. h6 Rb3+ 43. Ke2 Rh3 44. Rh8 Ke5 45. f3 Kf5 46. h7 e5 47. Rd8 Rxh7 48. Rxd5 Rh2+ 49. Kf1 Rb2 50. Ra5 Kg5 51. Ra8 Kh4 52. Rg8 Kh3 53. Rg7 f5 54. Rg5 Rb1+ 55. Kf2 Rb2+ 56. Kf1 Rb5 57. Kf2 Rb2+ 58. Kf1 1/2-1/2

[Event "Titled Tuesday intern op 07th May Early"]
[Site "Chess.com INT"]
[Date "2024.05.07"]
[Round "5"]
[White "Chiu, Isaac"]
[Black "Patrascu, Catalin Lucian"]
[Result "1-0"]
[WhiteElo "2226"]
[BlackElo "2298"]
[PlyCount "97"]
[EventDate "2024.05.07"]
[EventType "swiss (blitz)"]
[EventRounds "11"]
[EventCountry "USA"]
[SourceTitle "EXT 2025"]
[Source "ChessBase"]
[SourceDate "2024.10.14"]
[SourceVersion "1"]
[SourceVersionDate "2024.10.14"]
[SourceQuality "1"]

1. Nf3 d5 2. g3 Bg4 3. Bg2 Nd7 4. 0-0 c6 5. c4 e6 6. Qb3 Qb6 7. Nc3 Ngf6 8. d3 Bc5 9. Qc2 Be7 10. Be3 Qc7 11. Rac1 0-0 12. h3 Bh5 13. g4 Bg6 14. g5 dxc4 15. gxf6 cxd3 16. exd3 Bxf6 17. Ne4 Be7 18. Nc5 Nb6 19. Bg5 Bxg5 20. Nxg5 Qf4 21. Nge4 Rab8 22. Qe2 Rfd8 23. Qe3 Nd5 24. Qxf4 Nxf4 25. Rc2 Nxd3 26. Nxd3 Rxd3 27. Rc3 Rd4 28. Nc5 e5 29. Nb3 Rd6 30. Re1 f6 31. Rcc1 Rbd8 32. Nc5 Rb8 33. Rcd1 Rbd8 34. Rxd6 Rxd6 35. Nxb7 Rd2 36. Bxc6 Rxb2 37. Nc5 Kf8 38. a4 Rc2 39. Nd7+ Ke7 40. Nb8 Kd6 41. Bf3 Kc7 42. Na6+ Kb6 43. Nb4 Rd2 44. Nd5+ Kc5 45. Ne3 Ra2 46. Rc1+ Kd6 47. a5 Bd3 48. Rd1 Ra3 49. Nc4+ 1-0

[Event "Titled Tuesday intern op 07th May Early"]
[Site "Chess.com INT"]
[Date "2024.05.07"]
[Round "2"]
[White "Chiu, Isaac"]
[Black "Perossa, Nicolas"]
[Result "1-0"]
[WhiteElo "2226"]
[BlackElo "2216"]
[PlyCount "85"]
[EventDate "2024.05.07"]
[EventType "swiss (blitz)"]
[EventRounds "11"]
[EventCountry "USA"]
[SourceTitle "EXT 2025"]
[Source "ChessBase"]
[SourceDate "2024.10.14"]
[SourceVersion "1"]
[SourceVersionDate "2024.10.14"]
[SourceQuality "1"]

1. Nf3 d6 2. d4 Nf6 3. g3 c6 4. Bg2 Nbd7 5. 0-0 e5 6. c4 Be7 7. Nc3 0-0 8. e4 Re8 9. Re1 Bf8 10. d5 Nc5 11. b4 Na6 12. a3 c5 13. Rb1 b6 14. h3 Bd7 15. Be3 h6 16. Qd2 Nh7 17. Rec1 Be7 18. Kh2 Rf8 19. Qe2 Ng5 20. Nd2 Qc8 21. h4 Nh7 22. f4 exf4 23. Bxf4 Nf6 24. Rf1 Ng4+ 25. Kg1 Bf6 26. Nb5 Bxb5 27. cxb5 Nc7 28. Bxd6 Bd4+ 29. Kh1 Ne3 30. Bxf8 Nxf1 31. Rxf1 Qxf8 32. e5 Qe8 33. d6 Nxb5 34. Bxa8 Qxa8+ 35. Qf3 Qe8 36. Nc4 Bxe5 37. d7 Qxd7 38. Nxe5 Qh3+ 39. Kg1 Nd4 40. Qxf7+ Kh7 41. Qg6+ Kg8 42. Rf8+ Kxf8 43. Qf7# 1-0

[Event "Titled Tuesday intern op 07th May Early"]
[Site "Chess.com INT"]
[Date "2024.05.07"]
[Round "6"]
[White "Dominguez Perez, Leinier"]
[Black "Chiu, Isaac"]
[Result "1-0"]
[WhiteElo "2748"]
[BlackElo "2226"]
[PlyCount "93"]
[EventDate "2024.05.07"]
[EventType "swiss (blitz)"]
[EventRounds "11"]
[EventCountry "USA"]
[SourceTitle "EXT 2025"]
[Source "ChessBase"]
[SourceDate "2024.10.14"]
[SourceVersion "1"]
[SourceVersionDate "2024.10.14"]
[SourceQuality "1"]

1. e4 e5 2. Nf3 Nc6 3. Bb5 a6 4. Ba4 f5 5. d4 exd4 6. e5 b5 7. Bb3 Bb7 8. 0-0 Na5 9. Nxd4 c5 10. Bxg8 cxd4 11. Bb3 Nxb3 12. axb3 Qh4 13. Nd2 Bc5 14. Nf3 Qg4 15. h3 Qg6 16. Bf4 0-0 17. Kh2 h6 18. Rg1 Qb6 19. b4 Bxb4 20. Nxd4 g5 21. Bc1 Rae8 22. f4 Bc5 23. c3 Qg6 24. b4 Bb6 25. Be3 Kh7 26. Qd2 g4 27. g3 gxh3 28. Rae1 Qg4 29. Nc2 Bd8 30. Bc5 Rf7 31. Ne3 Qg6 32. Qf2 Rg8 33. Rd1 Rfg7 34. Rd6 Qh5 35. Rdd1 Bf3 36. Rde1 Be4 37. Rd1 Bf3 38. Rd2 Bh4 39. Nf1 Bg2 40. gxh4 Bxf1 41. Rxg7+ Rxg7 42. Qxf1 Qg4 43. Qf2 h5 44. Rd3 Qg2+ 45. Qxg2 Rxg2+ 46. Kxh3 Rc2 47. Rxd7+ 1-0

[Event "Titled Tuesday intern op 07th May Early"]
[Site "Chess.com INT"]
[Date "2024.05.07"]
[Round "9"]
[White "Hovakimyan, Vache"]
[Black "Chiu, Isaac"]
[Result "0-1"]
[WhiteElo "2206"]
[BlackElo "2226"]
[PlyCount "100"]
[EventDate "2024.05.07"]
[EventType "swiss (blitz)"]
[EventRounds "11"]
[EventCountry "USA"]
[SourceTitle "EXT 2025"]
[Source "ChessBase"]
[SourceDate "2024.10.14"]
[SourceVersion "1"]
[SourceVersionDate "2024.10.14"]
[SourceQuality "1"]

1. d4 g6 2. c4 Bg7 3. Nc3 d6 4. e4 e5 5. d5 a5 6. Bd3 Na6 7. Bc2 Bh6 8. Bxh6 Nxh6 9. Qd2 Ng8 10. 0-0-0 Nc5 11. f4 exf4 12. Qxf4 Qf6 13. Qxf6 Nxf6 14. Nf3 0-0 15. Nb5 Na6 16. e5 dxe5 17. Nxe5 Re8 18. Rde1 Bd7 19. Nd4 Nc5 20. Rhf1 Kg7 21. g4 Bxg4 22. Rxf6 Rxe5 23. Rxf7+ Kxf7 24. Rxe5 Re8 25. Rxe8 Kxe8 26. Kd2 Ke7 27. Ke3 Bd7 28. h4 Kf6 29. Kf4 h6 30. Nf3 b5 31. cxb5 Bxb5 32. Nd4 Bc4 33. Nc6 Bxa2 34. Nxa5 Bxd5 35. b4 Na6 36. b5 Nc5 37. Bd1 g5+ 38. hxg5+ hxg5+ 39. Ke3 Ke5 40. Be2 Ne6 41. Bc4 Nd4 42. Bxd5 Kxd5 43. Nb7 Nxb5 44. Nd8 Nd6 45. Kf3 c5 46. Ke3 c4 47. Kf3 g4+ 48. Kxg4 c3 49. Kf3 c2 50. Ke2 c1Q 0-1

[Event "Titled Tuesday intern op 07th May Late"]
[Site "Chess.com INT"]
[Date "2024.05.07"]
[Round "2"]
[White "Jarocka, Liwia"]
[Black "Chiu, Isaac"]
[Result "1-0"]
[WhiteElo "2234"]
[BlackElo "2226"]
[PlyCount "131"]
[EventDate "2024.05.07"]
[EventType "swiss (blitz)"]
[EventRounds "11"]
[EventCountry "USA"]
[SourceTitle "EXT 2025"]
[Source "ChessBase"]
[SourceDate "2024.10.14"]
[SourceVersion "1"]
[SourceVersionDate "2024.10.14"]
[SourceQuality "1"]

1. e4 g6 2. d4 Bg7 3. Nc3 d6 4. Be3 a6 5. f3 b5 6. Qd2 Bb7 7. 0-0-0 Nd7 8. Kb1 Rc8 9. h4 h6 10. g4 c5 11. Nd5 Bxd5 12. exd5 c4 13. c3 Ngf6 14. Nh3 Nxd5 15. Nf4 N7b6 16. Bg2 b4 17. Nxd5 Nxd5 18. Ka1 Qa5 19. Rc1 bxc3 20. bxc3 Rb8 21. f4 Nxe3 22. Qxe3 0-0 23. h5 Rb3 24. hxg6 Rfb8 25. gxf7+ Kf8 26. Rhe1 Bf6 27. Re2 Qa3 28. Qd2 R3b5 29. Rh1 Rb3 30. g5 Rxc3 31. gxf6 exf6 32. Re8+ Rxe8 33. fxe8Q+ Kxe8 34. Bc6+ Kd8 35. Be4 Re3 36. Bb1 c3 37. Qc2 Rd3 38. Rh2 Rxd4 39. Rh3 Rb4 40. Rxc3 Qa5 41. Rc8+ Ke7 42. Rc7+ Ke6 43. Rc6 Kd5 44. Rc3 Rb5 45. Qd3+ Ke6 46. Rb3 Kd7 47. Rxb5 axb5 48. Qb3 Qb6 49. f5 Qd4+ 50. Qb2 Qc5 51. Qxf6 Kc6 52. Qb2 h5 53. Qc2 h4 54. Qxc5+ Kxc5 55. f6 h3 56. f7 d5 57. f8Q+ Kd4 58. Qh6 h2 59. Qxh2 Kc4 60. Qb2 b4 61. Qc2+ Kb5 62. Qb3 d4 63. Bd3+ Kc5 64. Qc3+ Kd6 65. Qc4 Ke5 66. Qxb4 1-0